Responses for Show #3075 - Friday, January 2, 1998

Contestants

[<< previous game]

Cathy Shambaugh, a sixth grade teacher from Berea, Ohio

Eric Swanson, a data coordinator from Washington, D.C.

Bill Unterborn, a visual merchandiser from Palmyra, New York (whose 1-day cash winnings total $13,199)

[next game >>]

Jeopardy! Round responses

ANIMALS
LANGUAGES
WHEN-THEY-WERE-YOUNG FILMS
WE'RE LISBON BOUND
WHAT'S TO EAT?
SINONYMS
(Alex: Notice the spelling.)
    $100 7
Polar bear

Bill
    $100 1
(Eric: What is Greek?)

Latin

BillEric
    $100 8
Sherlock Holmes

Bill
    $100 26
Bulls

Eric
    $100 13
Salmon

Eric
    $100 16
Wild oats

Cathy
    $200 6
Hare

Cathy
    $200 2
German

Cathy
    $200 9
Abraham Lincoln

Eric
    $200 27
[The end-of-round signal sounds.]

shopping

Eric
    $200 14
Pot stickers

Cathy
    $200 17
Vice

Bill
    $300 10
Aardvark

Cathy
    $300 3
Chinese

Triple Stumper
    $300 18
Winston Churchill

Bill
    $300 15
Potatoes O'Brien

Triple Stumper
    $300 21
(Bill: What are thieves?)

iniquity

BillEric
    $400 11
(Bill: What is a moth?)

a butterfly

BillCathy
    $400 4
French

Eric
    $400 19
Catherine the Great

Cathy
    $400 22
Pasta Primavera

Cathy
    $400 24
Misbehavin'

Bill
    $500 12
Blackbirds

Cathy
    $500 5
(Cathy: What is Denmark?)

Albania

Cathy
Triple Stumper
    $600 20
(Cathy: I'm sorry, I don't have any idea.)
...
(Alex: Minute to go.)

Backbeat

Cathy
    $500 23
Cheese

Triple Stumper
    $500 25
Trespassing

Eric

Scores at the first commercial break (after clue 15):

Bill Eric Cathy
-$100 $600 $1,300

Scores at the end of the Jeopardy! Round:

Bill Eric Cathy
$500 $1,700 $1,600

Double Jeopardy! Round responses

HIE WE TO YON RENAISSANCE FAIRE
(Alex: Sounds like a fun category!)
NOVEL VOCABULARY
YOUNG STARS
ANCIENT HISTORY
TRACK
"FIELD"
    $200 1
Turkey

Eric
    $200 26
Wuthering

Triple Stumper
    $200 11
Jurassic Park

Eric
    $200 2
Pyramid

Eric
    $200 21
Relay race

Bill
    $200 16
Strawberry Fields

Eric
    $400 7
Maypole

Eric
    $400 12
Willy

Bill
    $400 3
(Bill: What is a pagoda?)

heaven

Bill
Triple Stumper
    $400 22
Carl Lewis

Bill
    $400 17
Field glasses

Eric
    $600 8
Chess

Bill
    $600 13
Ben Savage

Cathy
    $600 4
Bering Strait

Eric
    $600 23
(Alex: With about a minute left in the round.)

steeplechase

Bill
    $600 18
Field marshall

Eric
    $1,000 9
(Bill: What are jesters?)
...
(Alex: They tell you that you shouldn't be having a good time.)

Puritans

Bill
    $800 14
Kirsten Dunst

Eric
    $800 5
Plebeians

Eric
    $1,000 24
Ethiopia

Bill
    $800 19
Lilies Of The Field

Bill
    $1000 10
(Bill: What is arts?)

Anachronism

BillEric
    $1000 27
[The end-of-round signal sounds.]

the plot

Eric
    $1000 15
Shelby Woo

Bill
    $1000 6
Hittites

Triple Stumper
    $1000 25
Michael Johnson

Triple Stumper
    $1000 20
Potter's Field

Bill

Scores at the end of the Double Jeopardy! Round:

Bill Eric Cathy
$4,100 $8,100 $2,200

[wagering suggestions for these scores]

Final Jeopardy! Round responses

IN THE NEWS 1997
(Alex: The little dot, some people think, is a reference to the UFO that supposedly landed there in 1947.)
CathyWhat is Roswell?
$2,195
BillWhat is Roswell, New Mexico
$4,100
EricWhat is Santa Fe
$400
Roswell, New Mexico

Final scores:

Bill Eric Cathy
$8,200 $7,700 $4,395
2-day champion: $21,399 2nd place: Trip to Embassy Suites Resort, Scottsdale, Arizona 3rd place: DuPont/Coleman Camping Equipment

Game dynamics:

Coryat scores:

Bill Eric Cathy
$4,900 $8,100 $2,800
15 R
(including 1 DD),
5 W
(including 1 DD)
19 R,
1 W
10 R,
2 W
(including 1 DD)

Combined Coryat: $15,800

[game clues] [game scores] [suggest correction]

Game tape date: Unknown
The J! Archive is created by fans, for fans. Scraping, republication, monetization, and malicious use prohibited; this site may use cookies and collect identifying information. See terms. The Jeopardy! game show and all elements thereof, including but not limited to copyright and trademark thereto, are the property of Jeopardy Productions, Inc. and are protected under law. This website is not affiliated with, sponsored by, or operated by Jeopardy Productions, Inc. Join the discussion at JBoard.tv.